Вып. 235: Вопросы гидрологического приборостроения и методы измерений; Труды государственного гидрологического института

Библиографические подробности
Источник:Труды государственного гидрологического института: [сборник]/ Государственный гидрологический институт (ГГИ). Вып. 235: Вопросы гидрологического приборостроения и методы измерений.— , 1936-
Другие авторы: Димаксян А. М. (редактор)
Язык:русский
Опубликовано: 1978
Предметы:
Формат: Книга
Запись в KOHA:https://koha.lib.tpu.ru/cgi-bin/koha/opac-detail.pl?biblionumber=352032

MARC

LEADER 00000nam2a2200000 4500
001 352032
005 20231102010447.0
035 |a (RuTPU)RU\TPU\retro\8203 
035 |a RU\TPU\retro\7968 
090 |a 352032 
100 |a 20191113d1978 k y0rusy50 ca 
101 0 |a rus 
102 |a RU 
105 |a a z 001zy 
200 0 |a Вып. 235: Вопросы гидрологического приборостроения и методы измерений  |f под ред. А. М. Димаксяна 
210 |d 1978 
215 |a 128 с.  |c ил. 
320 |a Библиогр. в конце ст. 
461 1 |0 (RuTPU)RU\TPU\retro\7661  |t Труды государственного гидрологического института  |o [сборник]  |f Государственный гидрологический институт (ГГИ)  |v Вып. 235: Вопросы гидрологического приборостроения и методы измерений  |d 1936-  
606 1 |a Гидрология общая  |2 stltpush  |3 (RuTPU)RU\TPU\subj\6718  |9 34528 
610 1 |a гидрологические исследования 
610 1 |a автоматика 
610 1 |a радиоэлектроника 
610 1 |a телеметрия 
610 1 |a проектирование 
610 1 |a конструирование 
610 1 |a надежность 
610 1 |a приборостроение 
610 1 |a детекторы 
610 1 |a температура 
610 1 |a снегомеры 
675 |a 556  |v 4 
702 1 |a Димаксян  |b А. М.  |4 340 
801 1 |a RU  |b 63413507  |c 20191015 
801 2 |a RU  |b 63413507  |c 20191113  |g RCR 
942 |c BK